1960s Movies A-Z Quiz Stats

 Plays Quiz Updated Apr 8, 2019

Score 0/26 Timer 06:00
1 Play Today
% Correct
The Jungle Book
97.6%
Breakfast at Tiffany's
96.1%
Mary Poppins
95.4%
Lawrence of Arabia
93.7%
Psycho
92.2%
Oliver!
92%
To Kill a Mockingbird
89.5%
Yellow Submarine
89.4%
The Graduate
88.1%
Spartacus
87.7%
Easy Rider
86.9%
Dr. Strangelove or: How I Learned to Stop Worrying and Love the Bomb
81.6%
West Side Story
81.6%
% Correct
Cool Hand Luke
75%
The Hustler
73.3%
Night of the Living Dead
72.9%
Funny Girl
72.3%
In the Heat of the Night
69.5%
The Apartment
63.7%
Viva Las Vegas
45.7%
A Raisin in the Sun
39.6%
X: The Man with the X-Ray Eyes
37.9%
Z
35.3%
King of Kings
21.6%
Under the Yum Yum Tree
9.9%
Queen of Blood
2.4%

You're not logged in!

Compare scores with friends on all Sporcle quizzes.
OR
Log In

Sporcle TV

Today on Sporcle TV


Watch our educational content, quiz creation guides, and fun videos on Sporcle TV.

Show Comments

Extras

Top Quizzes Today


Score Distribution

Your Account Isn't Verified!

In order to create a playlist on Sporcle, you need to verify the email address you used during registration. Go to your Sporcle Settings to finish the process.

Report this User

Report this user for behavior that violates our Community Guidelines.

Details: